[Event "Hessen-ch U14/U18 Girls"]
[Site "Bad Homburg"]
[Date "2015.04.03"]
[Round "7"]
[White "Woehl, Jessica"]
[Black "Kirchner, Johanna"]
[Result "1/2-1/2"]
[WhiteElo "1154"]
[BlackElo "1575"]
[PlyCount "63"]
[EventDate "2015.03.30"]
[EventType "swiss"]
[EventRounds "7"]
[EventCountry "GER"]
[SourceTitle "EXT 2017"]
[Source "ChessBase"]
[SourceDate "2016.10.25"]
[SourceVersion "1"]
[SourceVersionDate "2016.10.25"]
[SourceQuality "1"]

1. e4 e6 2. Nc3 d5 3. exd5 exd5 4. d4 Nf6 5. Nf3 Bb4 6. Bd2 0-0 7. Bd3 Bg4 8. 0-0 c6 9. Re1 Nbd7 10. h3 Be6 11. Bg5 Re8 12. Ne5 Be7 13. Nxd7 Bxd7 14. Na4 h6 15. Bh4 Qa5 16. Bxf6 Bxf6 17. Nc5 Qc7 18. c3 Rxe1+ 19. Qxe1 Re8 20. Qd2 Be7 21. Nxd7 Qxd7 22. Re1 Bg5 23. Rxe8+ Qxe8 24. Qe2 Qxe2 25. Bxe2 Bc1 26. b3 Bb2 27. c4 dxc4 28. Bxc4 Bxd4 29. Kf1 Kf8 30. Ke2 Ke7 31. f3 f6 32. Kd3 1/2-1/2

[Event "Hessen-ch U14/U18 Girls"]
[Site "Bad Homburg"]
[Date "2015.04.01"]
[Round "4"]
[White "Buermann, Theresia"]
[Black "Woehl, Jessica"]
[Result "1/2-1/2"]
[WhiteElo "1203"]
[BlackElo "1154"]
[PlyCount "77"]
[EventDate "2015.03.30"]
[EventType "swiss"]
[EventRounds "7"]
[EventCountry "GER"]
[SourceTitle "EXT 2017"]
[Source "ChessBase"]
[SourceDate "2016.10.25"]
[SourceVersion "1"]
[SourceVersionDate "2016.10.25"]
[SourceQuality "1"]

1. e4 e5 2. f4 Nc6 3. Nc3 Nf6 4. Nf3 exf4 5. d3 Bc5 6. Bxf4 d6 7. h3 Nd4 8. Nxd4 Bxd4 9. Bd2 d5 10. Qe2 0-0 11. 0-0-0 Re8 12. a3 dxe4 13. Nxe4 Nxe4 14. dxe4 Qf6 15. c3 Bb6 16. Qf3 Qxf3 17. gxf3 Be6 18. Bd3 Rad8 19. Bc2 Bc4 20. Rh2 c6 21. h4 Bc7 22. Rg2 Re6 23. h5 b5 24. b3 Bd3 25. h6 g6 26. Be3 Bxc2 27. Kxc2 Rxd1 28. Kxd1 a5 29. Rd2 Rd6 30. Rxd6 Bxd6 31. a4 bxa4 32. bxa4 Bc7 33. f4 f6 34. Kd2 Kf7 35. Kd3 Ke6 36. Kc4 Kd7 37. Kc5 Bd6+ 38. Kb6 Bc7+ 39. Kc5 1/2-1/2

[Event "Hessen-ch U14/U18 Girls"]
[Site "Bad Homburg"]
[Date "2015.03.30"]
[Round "2"]
[White "Schaefer, Jessica"]
[Black "Woehl, Jessica"]
[Result "0-1"]
[WhiteElo "1075"]
[BlackElo "1154"]
[PlyCount "34"]
[EventDate "2015.03.30"]
[EventType "swiss"]
[EventRounds "7"]
[EventCountry "GER"]
[SourceTitle "EXT 2017"]
[Source "ChessBase"]
[SourceDate "2016.10.25"]
[SourceVersion "1"]
[SourceVersionDate "2016.10.25"]
[SourceQuality "1"]

1. e4 e5 2. Nf3 Nc6 3. Bc4 Nf6 4. Ng5 d5 5. exd5 Nxd5 6. Nxf7 Kxf7 7. Qf3+ Ke8 8. Bxd5 Qf6 9. Bxc6+ bxc6 10. Qe3 Qf4 11. Qxf4 exf4 12. 0-0 Bd6 13. Re1+ Kf7 14. d4 Bf5 15. c4 Rhe8 16. Rxe8 Rxe8 17. Kf1 Bd3+ 0-1

[Event "Hessen-ch U14/U18 Girls"]
[Site "Bad Homburg"]
[Date "2015.03.30"]
[Round "1"]
[White "Woehl, Jessica"]
[Black "Diener, Carolin Valeria"]
[Result "0-1"]
[WhiteElo "1154"]
[BlackElo "1706"]
[PlyCount "74"]
[EventDate "2015.03.30"]
[EventType "swiss"]
[EventRounds "7"]
[EventCountry "GER"]
[SourceTitle "EXT 2017"]
[Source "ChessBase"]
[SourceDate "2016.10.25"]
[SourceVersion "1"]
[SourceVersionDate "2016.10.25"]
[SourceQuality "1"]

1. e4 e5 2. Nf3 Nc6 3. Bb5 a6 4. Ba4 Nf6 5. d3 b5 6. Bb3 Be7 7. Nc3 0-0 8. 0-0 Bb7 9. Ne2 d5 10. exd5 Nxd5 11. Ng3 Re8 12. Re1 Bf6 13. Ne4 Na5 14. Nfg5 h6 15. Nxf6+ Qxf6 16. Ne4 Qg6 17. Qf3 Nxb3 18. axb3 Kh8 19. Bd2 Bc6 20. Nc5 Nb4 21. Qg3 Qxg3 22. hxg3 Nxc2 23. Bc3 Nxe1 24. Rxe1 f6 25. Ra1 Kg8 26. Rxa6 Rxa6 27. Nxa6 Rd8 28. Nc5 Kf7 29. Ba5 Rd5 30. Ne4 Rxd3 31. Nd2 e4 32. Kh2 e3 33. fxe3 Rxe3 34. Bxc7 Re2 35. Nf1 Rxg2+ 36. Kh3 Rxb2 37. Ne3 Bd7+ 0-1

[Event "Karl Mala Memorial op-B 16th"]
[Site "Frankfurt"]
[Date "2013.07.14"]
[Round "7"]
[White "Smith Meyer, Geir"]
[Black "Woehl, Jessica"]
[Result "1-0"]
[WhiteElo "1625"]
[BlackElo "1120"]
[PlyCount "57"]
[EventDate "2013.07.11"]
[EventType "swiss"]
[EventRounds "7"]
[EventCountry "GER"]
[SourceTitle "CBM 155 Extra"]
[Source "ChessBase"]
[SourceDate "2013.08.26"]
[SourceVersion "1"]
[SourceVersionDate "2013.08.26"]
[SourceQuality "1"]

1. d4 d5 2. Nf3 Nf6 3. Bf4 Bg4 4. Nbd2 e6 5. c3 Be7 6. Qa4+ c6 7. e3 Ne4 8. h3 Bh5 9. Bd3 Nxd2 10. Nxd2 Bg5 11. Bh2 Nd7 12. Qc2 Qf6 13. 0-0 Bg6 14. Bd6 Bxd3 15. Qxd3 e5 16. dxe5 Nxe5 17. Bxe5 Qxe5 18. f4 Bxf4 19. exf4 Qc7 20. Rae1+ Kd8 21. Qd4 f6 22. c4 Qa5 23. a3 Kd7 24. Nb3 Qa4 25. Nc5+ Kc7 26. Nxa4 dxc4 27. Re7+ Kb8 28. Qd7 Rc8 29. Qxb7# 1-0

[Event "Karl Mala Memorial op-B 16th"]
[Site "Frankfurt"]
[Date "2013.07.12"]
[Round "3"]
[White "Jayakumar, Sharun"]
[Black "Woehl, Jessica"]
[Result "0-1"]
[WhiteElo "771"]
[BlackElo "1120"]
[PlyCount "56"]
[EventDate "2013.07.11"]
[EventType "swiss"]
[EventRounds "7"]
[EventCountry "GER"]
[SourceTitle "CBM 155 Extra"]
[Source "ChessBase"]
[SourceDate "2013.08.26"]
[SourceVersion "1"]
[SourceVersionDate "2013.08.26"]
[SourceQuality "1"]

1. e4 e5 2. Nf3 Nc6 3. Bc4 Bc5 4. 0-0 Nf6 5. Ng5 0-0 6. Nf3 Nxe4 7. Nc3 Nd6 8. Bd3 Re8 9. a3 e4 10. Be2 exf3 11. Bxf3 a6 12. b4 Bd4 13. Bb2 Nc4 14. Bc1 N6e5 15. Be2 d6 16. d3 Bxc3 17. dxc4 Bxa1 18. Bf4 Ng6 19. Qxa1 Nxf4 20. Bf3 Qg5 21. g3 Bh3 22. Rd1 Ne2+ 23. Bxe2 Rxe2 24. Qc1 Qxc1 25. Rxc1 Rae8 26. f3 Rg2+ 27. Kf1 Rxc2+ 28. Kg1 Rxc1+ 0-1

[Event "Hessen-ch U14/18 Girls"]
[Site "Bad Homburg"]
[Date "2013.??.??"]
[Round "2"]
[White "Lukas, Anne"]
[Black "Woehl, Jessica"]
[Result "1-0"]
[WhiteElo "1738"]
[BlackElo "1214"]
[PlyCount "49"]
[EventDate "2013.03.??"]
[EventType "swiss"]
[EventRounds "7"]
[EventCountry "GER"]
[SourceTitle "EXT 2014"]
[Source "ChessBase"]
[SourceDate "2013.11.20"]
[SourceVersion "1"]
[SourceVersionDate "2013.11.20"]
[SourceQuality "1"]

1. d4 d5 2. c4 Nf6 3. Nc3 Nc6 4. Nf3 Bf5 5. a3 e6 6. Bf4 Bd6 7. Ne5 Bxe5 8. Bxe5 Nxe5 9. dxe5 Ne4 10. Nxe4 Bxe4 11. f3 Bf5 12. cxd5 exd5 13. Qb3 b6 14. Rd1 Be6 15. e4 Qh4+ 16. g3 dxe4 17. Qb5+ Kf8 18. gxh4 exf3 19. Kf2 Bg4 20. Qc6 Rc8 21. Ba6 Re8 22. Qxc7 Re7 23. Rd8+ Re8 24. Rxe8+ Kxe8 25. Qb8+ 1-0

[Event "Hessen-ch U14/18 Girls"]
[Site "Bad Homburg"]
[Date "2013.??.??"]
[Round "3"]
[White "Woehl, Jessica"]
[Black "Scheyltjens, Maya"]
[Result "1/2-1/2"]
[WhiteElo "1214"]
[BlackElo "953"]
[PlyCount "28"]
[EventDate "2013.03.??"]
[EventType "swiss"]
[EventRounds "7"]
[EventCountry "GER"]
[SourceTitle "EXT 2014"]
[Source "ChessBase"]
[SourceDate "2013.11.20"]
[SourceVersion "1"]
[SourceVersionDate "2013.11.20"]
[SourceQuality "1"]

1. e4 e6 2. Nf3 d5 3. exd5 exd5 4. d4 Bg4 5. Be2 Bd6 6. 0-0 Nf6 7. Re1 0-0 8. Bg5 Be7 9. Nc3 c6 10. h3 Bxf3 11. Bxf3 Nbd7 12. Qd2 Re8 13. Re2 h6 14. Bh4 Qc7 1/2-1/2

[Event "Karl Mala Memorial op 15th"]
[Site "Frankfurt"]
[Date "2012.07.05"]
[Round "1"]
[White "Larem, Peter"]
[Black "Woehl, Jessica"]
[Result "1-0"]
[WhiteElo "1917"]
[BlackElo "986"]
[PlyCount "25"]
[EventDate "2012.07.05"]
[EventType "swiss"]
[EventRounds "7"]
[EventCountry "GER"]
[SourceTitle "CBM 149 Extra"]
[Source "ChessBase"]
[SourceDate "2012.08.24"]
[SourceVersion "1"]
[SourceVersionDate "2012.08.24"]
[SourceQuality "1"]

1. e4 e5 2. d4 f6 3. dxe5 fxe5 4. Qh5+ g6 5. Qxe5+ Qe7 6. Qxh8 Qxe4+ 7. Be3 Kf7 8. Nd2 Qb4 9. Bc4+ Ke8 10. Qxg8 Nc6 11. Bf7+ Kd8 12. Bg5+ Ne7 13. Qxf8# 1-0

[Event "Hessen-ch U14/18 Girls"]
[Site "Bad Homburg"]
[Date "2012.??.??"]
[Round "8"]
[White "Woehl, Jessica"]
[Black "Schaefer, Jessica"]
[Result "1-0"]
[WhiteElo "994"]
[BlackElo "853"]
[PlyCount "49"]
[EventDate "2012.04.??"]
[EventType "swiss"]
[EventRounds "9"]
[EventCountry "GER"]
[SourceTitle "EXT 2015"]
[Source "ChessBase"]
[SourceDate "2014.11.20"]
[SourceVersion "1"]
[SourceVersionDate "2014.11.20"]
[SourceQuality "1"]

1. e4 e5 2. Nf3 Nc6 3. Bc4 Bc5 4. d3 Nge7 5. Nc3 d6 6. h3 Na5 7. Bb3 Nxb3 8. axb3 Be6 9. d4 exd4 10. Nxd4 Bd7 11. 0-0 Ng6 12. Nf5 Qf6 13. Nd5 Qe5 14. Nxc7+ Kd8 15. Nxa8 Qxe4 16. Nxd6 Qe6 17. Nxb7+ Kc8 18. Nxc5 Qc6 19. Nxd7 Qxd7 20. Qxd7+ Kxd7 21. Rxa7+ Ke6 22. Nc7+ Kf5 23. g4+ Ke5 24. Re1+ Kf6 25. Nd5# 1-0

[Event "Karl Mala Memorial op 14th"]
[Site "Frankfurt"]
[Date "2011.07.08"]
[Round "2"]
[White "Woehl, Jessica"]
[Black "Eremenko, Christian"]
[Result "0-1"]
[WhiteElo "933"]
[BlackElo "1692"]
[PlyCount "154"]
[EventDate "2011.07.07"]
[EventType "swiss"]
[EventRounds "7"]
[EventCountry "GER"]
[SourceTitle "EXT 2012"]
[Source "ChessBase"]
[SourceDate "2011.11.24"]
[SourceVersion "1"]
[SourceVersionDate "2011.11.24"]
[SourceQuality "1"]

1. e4 Nf6 2. Nc3 Nc6 3. Nf3 e5 4. Bc4 Bb4 5. d3 0-0 6. Bd2 d6 7. h3 Be6 8. Bxe6 fxe6 9. a3 Ba5 10. b4 Bb6 11. Bg5 Qe8 12. Qd2 Nd4 13. Nxd4 Bxd4 14. Be3 Bb6 15. Bxb6 axb6 16. Nd1 Nh5 17. c4 Nf4 18. Rg1 Qg6 19. f3 Nxh3 20. Rh1 Qg3+ 21. Kf1 Nf4 22. Qf2 Qxf2+ 23. Nxf2 Ra4 24. Rh2 Rfa8 25. g3 Ng6 26. Nd1 Rxa3 27. Rxa3 Rxa3 28. Nb2 Ne7 29. b5 c6 30. Rc2 Kf7 31. Ke2 Ra2 32. Ke3 Kf6 33. Rf2 Ng6 34. Nd1 Rxf2 35. Nxf2 h6 36. Nh3 Ne7 37. Kd2 Nc8 38. Kc3 Na7 39. Kb4 d5 40. bxc6 bxc6 41. Nf2 Ke7 42. Nd1 Kd6 43. Nb2 h5 44. Na4 c5+ 45. Kc3 dxc4 46. dxc4 Kc6 47. Kd3 g5 48. Ke2 b5 49. cxb5+ Nxb5 50. Nb2 Nd4+ 51. Kf2 Nb3 52. Nc4 Kb5 53. Nxe5 c4 54. Ke2 Kc5 55. Ke3 Kb4 56. Nc6+ Kc3 57. Ke2 Nd4+ 58. Nxd4 Kxd4 59. Kd2 e5 60. Kc2 Ke3 61. Kc3 Kxf3 62. Kxc4 Kxe4 63. Kc3 Kf3 64. Kd2 Kxg3 65. Ke1 Kg2 66. Ke2 h4 67. Ke3 h3 68. Ke4 h2 69. Kxe5 h1Q 70. Kf5 Qf1+ 71. Kxg5 Kg3 72. Kg6 Kg4 73. Kg7 Kg5 74. Kg8 Kg6 75. Kh8 Qh1+ 76. Kg8 Qh7+ 77. Kf8 Qf7# 0-1